书目信息 |
| 题名: |
宏观经济运行与管理
|
|
| 作者: | 李兴山 主编 | |
| 分册: | ||
| 出版信息: | 北京 中共中央党校出版社 1995 |
|
| 页数: | 343页 | |
| 开本: | 20cm | |
| 丛书名: | ||
| 单 册: | ||
| 中图分类: | F123.16 | |
| 科图分类: | ||
| 主题词: | 宏观经济--经济管理--中国 | |
| 电子资源: | ||
| ISBN: | 7-5035-1296-2 | |
| 000 | 00819nam0 2200241 450 | |
| 000 | 00850nam0 2200253 450 | |
| 000 | 00780nam0 2200229 450 | |
| 000 | 00743nam0 2200217 45 | |
| 005 | 20070529160043.20 | |
| 010 | @a7-5035-1296-2@dCNY15.00 | |
| 100 | @a20051101e1995 ekmy0chiy0120 ea | |
| 101 | 0 | @achi |
| 102 | @aCN@b110000 | |
| 105 | @ay z 000yy | |
| 200 | 1 | @a宏观经济运行与管理@AHong Guan Jing Ji Yun Xing Yu Guan Li@f李兴山主编@FLi Xing Shan Zhu Bian |
| 210 | @a北京@c中共中央党校出版社@d1995@h2001.1重印 | |
| 215 | @a343页@d20cm | |
| 330 | @a本书内容包括宏观经济运行、宏观经济管理、宏观经济政策、国外宏观经济管理模式与经验借鉴四篇。 | |
| 606 | 0 | @a宏观经济@x经济管理@y中国 |
| 690 | @aF123.16@v4 | |
| 701 | 0 | @a李兴山@ALi Xing Shan@4主编 |
| 801 | 0 | @aCN@bFYSX@c20070529 |
| 905 | @a10447@dF123.16@e172 | |
| 宏观经济运行与管理/李兴山主编.-北京:中共中央党校出版社,1995(2001.1重印) |
| 343页;20cm |
| ISBN 7-5035-1296-2:CNY15.00 |
| 本书内容包括宏观经济运行、宏观经济管理、宏观经济政策、国外宏观经济管理模式与经验借鉴四篇。 |
| ● |
| 相关链接 |
|
|
|
|
正题名:宏观经济运行与管理
索取号:F123.16/172
 
预约/预借
| 序号 | 登录号 | 条形码 | 馆藏地/架位号 | 状态 | 备注 |
| 1 | 0509761 | 205097615 | 第一样本阅览室/ [索取号:F123.16/172] | 在馆 | |
| 2 | 0509762 | 205097624 | 第一借阅区/ [索取号:F123.16/172] | 在馆 | |
| 3 | 0509763 | 205097633 | 第一借阅区/ [索取号:F123.16/172] | 在馆 | |
| 4 | 0509764 | 205097642 | 第一借阅区/ [索取号:F123.16/172] | 在馆 | |
| 5 | 0509765 | 205097651 | 第一借阅区/ [索取号:F123.16/172] | 在馆 | |
| 6 | 0509766 | 205097660 | 第一借阅区/ [索取号:F123.16/172] | 在馆 | |
| 7 | 0509767 | 205097679 | 第一借阅区/ [索取号:F123.16/172] | 在馆 | |
| 8 | 0509768 | 205097688 | 第一借阅区/ [索取号:F123.16/172] | 在馆 |